Designing interactions with robots : (Record no. 43914)

MARC details
001 - CONTROL NUMBER
control field 23712664
003 - CONTROL NUMBER IDENTIFIER
control field 000
005 - DATE AND TIME OF LATEST TRANSACTION
control field 20251017150249.0
008 - FIXED-LENGTH DATA ELEMENTS--GENERAL INFORMATION
fixed length control field 240530s2025 flu b 001 0 eng
010 ## - LIBRARY OF CONGRESS CONTROL NUMBER
LC control number 2024024368
020 ## - INTERNATIONAL STANDARD BOOK NUMBER
International Standard Book Number 9781032430270
035 ## - SYSTEM CONTROL NUMBER
System control number 23712664
040 ## - CATALOGING SOURCE
Original cataloging agency DLC
Language of cataloging eng
Description conventions rda
Transcribing agency DLC
Modifying agency DLC
042 ## - AUTHENTICATION CODE
Authentication code pcc
050 00 - LIBRARY OF CONGRESS CALL NUMBER
Classification number TJ 211.49 .D46
082 00 - DEWEY DECIMAL CLASSIFICATION NUMBER
Classification number 629.8/924019
Edition number 23/eng/20241031
100 ## - MAIN ENTRY--PERSONAL NAME
Personal name Lupetti, Maria Luce(editor)
245 00 - TITLE STATEMENT
Title Designing interactions with robots :
Remainder of title methods and perspectives /
Statement of responsibility, etc
263 ## - PROJECTED PUBLICATION DATE
Projected publication date 2412
264 #1 - PUBLICATION, DISTRIBUTION, ETC. (IMPRINT)
Place of publication, distribution, etc Boca Raton, FL :
Name of publisher, distributor, etc CRC Press,
Date of publication, distribution, etc 2025.
300 ## - PHYSICAL DESCRIPTION
Extent xv, 188p. ill.
336 ## - CONTENT TYPE
Content type term text
Content type code txt
Source rdacontent
337 ## - MEDIA TYPE
Media type term unmediated
Media type code n
Source rdamedia
338 ## - CARRIER TYPE
Carrier type term volume
Carrier type code nc
Source rdacarrier
490 0# - SERIES STATEMENT
Series statement Chapman & Hall/CRC Artificial Intelligence and robotics series
504 ## - BIBLIOGRAPHY, ETC. NOTE
Bibliography, etc Includes bibliographical references and index.
505 2# - FORMATTED CONTENTS NOTE
Formatted contents note Introduction / Maria Luce Lupetti -- Designing artificial agents : appearance & expressivity / Maria Luce Lupetti -- Everyday robo-things / Sonya Kwak and Dahyun Kang -- Ready-made prototyping / Ilan Mandel and Wendy Ju.
520 ## - SUMMARY, ETC.
Summary, etc "Developing robots to interact with humans is a complex interdisciplinary effort. While engineering and social science perspectives on designing human-robot interactions are readily available, the body of knowledge and practices related to design, specifically interaction design, often remain tacit. Designing Interactions with Robots fills an important resource gap in the human-robot interaction (HRI) community, and acts as a guide to navigating design-specific methods, tools, and techniques. With contributions from the field's leading experts and rising pioneers, this collection presents state of the art knowledge and a range of design methods, tools, and techniques, which cover the various phases of an HRI project. This book is accessible to an interdisciplinary audience, and does not assume any design knowledge. It provides actionable resources whose efficacy have been tested and proven in existing research"--
Assigning source Provided by publisher.
650 #0 - SUBJECT ADDED ENTRY--TOPICAL TERM
Topical term or geographic name as entry element Human-robot interaction.
700 1# - ADDED ENTRY--PERSONAL NAME
Personal name Lupetti, Maria Luce,
Relator term editor.
776 08 - ADDITIONAL PHYSICAL FORM ENTRY
Relationship information Online version:
Title Designing interactions with robots
Edition First edition.
Place, publisher, and date of publication Boca Raton, FL : CRC Press, 2025
International Standard Book Number 9781003371021
Record control number (DLC) 2024024369
906 ## - LOCAL DATA ELEMENT F, LDF (RLIN)
a 7
b cbc
c orignew
d 1
e ecip
f 20
g y-gencatlg
942 ## - ADDED ENTRY ELEMENTS (KOHA)
Source of classification or shelving scheme Library of Congress Classification
Koha item type Books
Holdings
Withdrawn status Lost status Source of classification or shelving scheme Damaged status Not for loan Permanent Location Current Location Date acquired Total Checkouts Full call number Barcode Date last seen Price effective from Koha item type
    Library of Congress Classification     NILE UNIVERSITY OF NIGERIA - MAIN LIBRARY NILE UNIVERSITY OF NIGERIA - MAIN LIBRARY 10/17/2025   TJ 211.49 .D46 2025 0199396 10/17/2025 10/17/2025 Books
    Library of Congress Classification     NILE UNIVERSITY OF NIGERIA - MAIN LIBRARY NILE UNIVERSITY OF NIGERIA - MAIN LIBRARY 10/17/2025   TJ 211.49 .D46 2025 0199395 10/17/2025 10/17/2025 Books